000 00640nam a22002057a 4500
005 20250715125405.0
010 _aENG-145966
020 _a9788197288210
_c695.00
035 _aEN-129498
037 _bDBAD
082 _a001.422
_21
100 _aRadha Mohan
_983010
245 _aUsing SPSS in Research/
_cRadha Mohan [and] Manoj Praveen G.
250 _a1
260 _aNew Delhi
_bNeelkamal Publications
_c2024
270 _a4764/1, 23, Ansari Road, Daryaganj,
_bNew Delhi
_e110002
_k011-23244237
300 _axxii, 342p.
_c24cm(pb)
700 _aManoj Praveen G.
_eAuthor
_983009
942 _2ddc
_cEN
_h001.422
_mRAD
999 _c212385
_d212385